| 000 | 00642nam a2200181 4500 | ||
|---|---|---|---|
| 008 | 01999 0a 000 0MEX | ||
| 020 | _a970-17-0170-4 | ||
| 050 | _aTJ260 I46 1999 | ||
| 082 | _a621.402.2 I644f | ||
| 100 | _aIncropera, Frank P. | ||
| 245 | _aFundamentos de Transferencia de Calor / Frank P. Incropera, David P. de Witt | ||
| 250 | _a1 / 4a ingles | ||
| 260 | _aMéxico : Pearson Educación | ||
| 300 | _axxiii, 886p. / 25.5 cm. | ||
| 500 | _aIncluye ap‚ndice, índice. | ||
| 650 | _a1.CALOR-TRANSMISIÓN | ||
| 700 | _aCruz, Ricardo, Tr. \ Muñoz Díaz, Enrique, Rev. Téc. \ Delgado Nuñez, Lourdes, Ase. Téc. | ||
| 999 |
_c12429 _d12429 |
||